000 00416nam a22001817a 4500
999 _c16791
_d16791
003 NUST
008 140106t xxu||||| |||| 00| 0 eng d
020 _a969-35-1628-9
038 _aASAB
082 _aFic
100 _aAshfaq Ahmad
_93162
240 _aTahli Thalee
245 _aTahli thalay
246 _atahli talay
260 _aLahore
_bSangemeel publications
_c2011
300 _a900 P
942 _2ddc
_cBK